000 00312nam a22001457a 4500
008 221006b ||||| |||| 00| 0 eng d
020 _a0152774106
041 _aeng
080 _a617
082 _a617 FAC
100 _a12
101 _aRAD
245 _aSPARE PARTS FOR PEOPLE
_cFACKLAM H
942 _2udc
_cBK
999 _c58400
_d58400